[Event "20th Dubai Open 2018"]
[Site "Dubai"]
[Date "2018.04.03"]
[Round "2"]
[White "Ashwath, R."]
[Black "Can, Emre"]
[Result "0-1"]
[WhiteElo "2250"]
[BlackElo "2590"]
[Annotator "TA"]
[PlyCount "118"]
[EventDate "2018.??.??"]
[EventType "swiss"]
[EventCountry "UAE"]
[SourceTitle "playchess.com"]
[Source "ChessBase"]
[SourceQuality "1"]

{[%evp 16,118,-14,-35,-27,-42,-16,-14,-16,-41,-42,-87,-39,-37,-33,-29,0,0,-2,-47,-40,-49,-50,-45,-40,-46,-53,-35,-37,-41,-36,-37,-35,-66,-65,-76,-76,-76,-77,-78,-77,-80,-70,-76,-60,-68,-66,-68,-70,-93,-105,-114,-114,-112,-108,-141,-141,-141,-123,-171,-179,-245,-195,-197,-189,-190,-190,-202,-123,-212,-212,-212,-212,-205,-198,-254,-247,-468,-463,-429,-247,-887,-872,-1202,-1038,-1595,-1624,-1784,-1700,-1615,-1529,-1352,-1053,-1307,-1247,-1706,-1669,-4137,-4137,-4137,-4137,-4137,-4137,-5702,-5397]} 1. d4 g6 2. c4 Bg7 3. Nf3 c5 4. dxc5 Na6 5. e3 Nxc5 6. Be2 Nf6 7. Nc3 O-O 8. O-O b6 9. Qc2 {LiveBook: 8 Games. E61: King's Indian: Early deviations for White, including Smyslov System} (9. Nd4 Bb7 10. b3 d5 11. cxd5 Nxd5 12. Bb2 Nxc3 13. Bxc3 Ne4 14. Bb2 e5 15. Nf3 Qe7 16. Rc1 Rfd8 17. Qc2 {0-1 (31) Lechtynsky,J (2365)-Stocek,J (2540) Ostrava 2014}) 9... d5 10. Nd4 $146 ({Find the theoretical novelty and annotate with similar games:} 10. b4 Bf5 11. Qd1 Nfe4 12. Nxd5 Bxa1 13. bxc5 bxc5 14. Ba3 Bg7 15. Nh4 e6 16. Nxf5 gxf5 {0-1 (31) Szilagyi,G-Benko,P Budapest 1951}) 10... dxc4 11. Bxc4 {The position is equal.} Bb7 12. b3 a6 13. a4 Qc7 14. h3 Rac8 15. Ba3 Ne8 16. Rac1 Nd6 17. Nd5 (17. Bd5 {NOTEXT} e6 18. Bxb7 Qxb7 19. Rfd1 Rfd8 20. Qb1) 17... Qd8 {Threatens to win with ...b5!} 18. Nxb6 Qxb6 19. Bxc5 $1 Rxc5 {[#]} 20. Bxf7+ $1 {[%mdl 512]} Kxf7 (20... Nxf7 21. Qxc5) 21. Qxc5 Bxd4 22. Qxd4 Qxd4 23. exd4 Bd5 24. b4 Rb8 {[%mdl 1024] Black has compensation.} 25. b5 axb5 26. axb5 Bc4 27. Rfe1 Rxb5 ({Reject} 27... Bxb5 28. Rc7 $11) 28. Re5 Rb2 29. Rc5 Bd3 30. Re1 Rb7 31. Rc3 Be4 32. Rec1 Rb4 33. Rd1 Nb5 34. Re3 {[#]} Bd5 $1 35. Red3 h5 36. Kh2 Nd6 37. Rc3 Rb2 38. Rc5 (38. f3 $142) 38... e6 39. Kg1 Ne4 40. Rc7+ Kf6 41. Rc8 Nd6 42. Rc3 {[#]} (42. Rcc1 $17) 42... Rxf2 $1 $19 {[%mdl 512]} 43. Kxf2 {Black must now prevent Ra3.} Ne4+ 44. Ke3 {Strongly threatening Rf1+.} Nxc3 45. Rf1+ (45. Rg1 $142) 45... Kg5 46. Rc1 $2 (46. Rg1 {was worth a try.}) 46... Ne4 47. Rc8 Nd6 (47... h4 $142 48. Rb8 Ng3) 48. Rc2 $2 (48. Rd8 Nf5+ 49. Kf2) 48... Nf5+ {Black is clearly winning.} 49. Kd3 Kf4 50. Rf2+ Kg3 51. Re2 h4 52. Kc3 g5 53. Kd3 Ne7 54. Re5 Kf4 55. Re2 Ng6 56. Kd2 Kg3 57. Kc3 g4 58. hxg4 Nf4 59. Re3+ Kxg4 {Precision: White = 39%, Black = 82%.} 0-1

[Event "20th Dubai Open 2018"]
[Site "Dubai"]
[Date "2018.04.03"]
[Round "2"]
[White "Phadke Sohan"]
[Black "Venkatesh, M R"]
[Result "0-1"]
[WhiteElo "2150"]
[BlackElo "2487"]
[Annotator "TA"]
[PlyCount "56"]
[EventDate "2018.??.??"]
[EventType "swiss"]
[EventCountry "UAE"]
[SourceTitle "playchess.com"]
[Source "ChessBase"]
[SourceQuality "1"]

{[%evp 13,56,29,51,0,0,0,0,-2,16,8,37,0,0,0,0,0,11,-18,-27,-12,28,5,57,46,42,23,54,39,62,0,105,111,117,-61,-33,-20,94,90,81,-482,-485,-480,-486,-29998,-29999]} 1. d4 g6 2. e4 Bg7 3. Nc3 d6 4. Be3 a6 5. a4 Nf6 6. f3 Nc6 {B06: Modern Defence} (6... c6 7. Qd2 h5 8. Bd3 a5 9. Nge2 Na6 10. O-O O-O 11. Kh1 e5 12. Bc4 Nb4 13. Bb3 Qc7 14. Bh6 {½-½ (70) Radjabov,T (2745)-Nakamura,H (2775) Stavanger 2013}) 7. Qd2 e5 {LiveBook: 3 Games} 8. dxe5 $146 (8. d5 $14 Nd4 9. Nge2) ({Find the theoretical novelty and annotate with similar games:} 8. d5 Ne7 9. Rd1 Nh5 10. g4 Nf4 11. Nge2 f5 12. Nxf4 exf4 13. Bd4 Be5 14. h3 {1-0 (57) Urkedal,F (2517)-Romanov,E (2638) Stockholm 2014}) 8... Nxe5 $11 {The position is equal.} 9. O-O-O O-O 10. Bh6 {[#]} b5 $1 {[%mdl 512]} 11. Bxg7 (11. axb5 axb5) 11... Kxg7 12. f4 Nc6 13. Bd3 Re8 14. Nf3 Bg4 15. h3 Bxf3 $1 16. gxf3 Nb4 17. h4 Nh5 ({Black should play} 17... d5 $11) 18. f5 Qf6 19. Rhg1 bxa4 20. Bc4 Rab8 21. Rg5 (21. Nxa4 $14 Nc6 22. Bd5) 21... a3 (21... h6 $1 $11 {remains equal.} 22. Rg4 d5 23. exd5 Qxf5) 22. bxa3 $16 {Hoping for Rdg1.} Nc6 23. fxg6 $2 (23. Rdg1 $16 Kf8 24. Bxa6) 23... fxg6 $15 24. Rdg1 $1 {aiming for Rxh5.} Kh8 {[#]} (24... Re5 $1 $11) 25. Rxg6 $1 $16 {[%mdl 512]} Qd4 (25... Qxg6 26. Rxg6) 26. Qg5 $2 {[%mdl 8192]} (26. R6g5 $16 {stays on course.} Nf4 27. Qxd4+ (27. Bxa6 Nh3 $17) 27... Nxd4 28. Rf1) 26... Qxc4 $19 27. Qxh5 {White threatens Rg7 and mate.} Qxc3 28. Rg7 (28. Qg5 $19 Qxf3 29. Rg7 Qxa3+ 30. Kd2 Qa5+ 31. Qxa5 Nxa5 32. Rxc7) 28... Qe3+ {Precision: White = 33%, Black = 39%.} 0-1

[Event "20th Dubai Open 2018"]
[Site "Dubai"]
[Date "2018.04.03"]
[Round "2"]
[White "Sun, Chao"]
[Black "Iniyan, P."]
[Result "0-1"]
[WhiteElo "2041"]
[BlackElo "2466"]
[Annotator "TA"]
[PlyCount "66"]
[EventDate "2018.??.??"]
[EventType "swiss"]
[EventCountry "UAE"]
[SourceTitle "playchess.com"]
[Source "ChessBase"]
[SourceQuality "1"]

{[%evp 17,66,-15,-16,-47,-51,-37,-50,-110,-100,-142,-148,-242,-250,-261,-268,-260,-246,-300,-243,-301,-256,-267,-266,-266,-265,-295,-302,-297,-285,-303,-256,-254,-254,-289,-287,-300,-304,-308,-301,-311,-310,-305,-312,-370,-366,-366,-375,-378,-387,-386,-381]} 1. e4 c5 2. Nf3 d6 3. d4 cxd4 4. Nxd4 a6 5. Nc3 e6 6. Be2 b5 7. Be3 {B54: Sicilian: 2...d6 3 d4 cxd4 4 Nxd4, Unusual Lines} (7. O-O Bb7 8. Bf3 Nd7 9. g3 Ngf6 10. a3 Qc7 11. Bg2 Be7 12. Kh1 O-O 13. f4 Rfe8 14. g4 Nc5 {½-½ (60) Ponkratov,P (2605)-Jakovenko,D (2713) Khanty-Mansiysk 2013}) 7... Bb7 8. f3 Nf6 9. O-O Nbd7 {LiveBook: 10 Games} 10. a4 b4 11. Na2 d5 12. c3 (12. Qd2 $15) 12... bxc3 $17 13. Nxc3 e5 $146 ({Predecessor:} 13... dxe4 14. fxe4 Nxe4 15. Nxe4 Bxe4 {1-0 (52) Van Beusekom,L-Den Boer,H Haarlem 1990}) 14. exd5 (14. Nf5 $17 d4 15. Nxd4 exd4 16. Bxd4) 14... exd4 $19 15. Bxd4 Bd6 ({Not} 15... Nxd5 16. Re1 $15) 16. Qb3 Qb8 17. Kh1 O-O 18. Ne4 Bxd5 19. Qxb8 Bxb8 20. Nxf6+ Nxf6 21. Rfd1 {intending Bxf6.} Bb3 22. Rdc1 Re8 23. Bf1 Be5 24. Bxe5 Rxe5 25. Rc3 Be6 26. b4 Nd5 27. Rc5 Re3 28. b5 axb5 29. Bxb5 Rc3 30. Rc1 Rxc5 {Black is winning.} 31. Rxc5 Nb6 32. Rc3 Nxa4 33. Ra3 Rc8 {Precision: White = 30%, Black = 91%.} 0-1

[Event "20th Dubai Open 2018"]
[Site "Dubai"]
[Date "2018.04.03"]
[Round "2"]
[White "Devnani Kush"]
[Black "Maghsoodloo, Parham"]
[Result "0-1"]
[WhiteElo "1605"]
[BlackElo "2615"]
[Annotator "TA"]
[PlyCount "58"]
[EventDate "2018.??.??"]
[EventType "swiss"]
[EventCountry "UAE"]
[SourceTitle "playchess.com"]
[Source "ChessBase"]
[SourceQuality "1"]

{[%evp 9,58,-38,-10,-9,-23,-37,-45,-43,-35,-35,-41,-46,-47,-80,-64,-57,-56,-66,-48,-51,-47,-209,-202,-223,-212,-246,-245,-251,-244,-244,-244,-242,-255,-252,-248,-261,-238,-429,-422,-422,-426,-436,-447,-460,-466,-622,-618,-901,-885,-841,-854]} 1. e4 c5 2. Nf3 Nc6 3. Bb5 e6 4. Bxc6 bxc6 5. d4 (5. d3 Ne7 6. Qe2 d6 7. e5 dxe5 8. Qxe5 Ng6 9. Qe4 Qd5 10. Nc3 Qxe4+ 11. Nxe4 f5 12. Ned2 Be7 13. Nc4 Ba6 14. Nfe5 Nxe5 15. Nxe5 {½-½ (43) Onischuk,V (2637)-Yu,Y (2751) Riadh 2017}) 5... cxd4 6. Qxd4 {B30: Sicilian: 2...Nc6 3 Bb5, lines without ...g6} d5 7. exd5 $146 ({Predecessor:} 7. Qa4 Bd7 8. Ne5 Bd6 9. Bf4 Bxe5 10. Bxe5 Qg5 11. Qd4 c5 {0-1 (29) Memedi,S (1627)-Hacche,D (2127) Adelaide 2008}) 7... cxd5 8. O-O {Black is slightly better.} Nf6 9. Nc3 Be7 10. Bf4 O-O {[%cal Bh8f8,Bf8c8,Bc8c4][%mdl 32]} 11. a4 Ba6 12. Rfe1 Qa5 13. Be5 Rfc8 14. Qh4 Rc4 15. Nd4 $2 (15. Qh3 $15) 15... Qc5 $19 16. Rad1 {[#]} Nd7 $1 17. Qg3 {[%csl Ge5][%cal Rg3g7]} Nxe5 18. Nb3 Qc7 ({Inferior is} 18... Rxc3 19. bxc3 Qc4 20. Qxe5 $11) 19. Qxe5 Qxe5 20. Rxe5 Bf6 21. Ree1 Rac8 22. Rd2 Rb4 23. Nb5 $2 {[#]} (23. Rb1) 23... Bxb5 {Black is clearly winning.} 24. axb5 Bxb2 25. Red1 Rxb5 26. Nc1 a5 {[%cal Ba7a5,Ba5a4,Ba4a3,Ba3a2][%mdl 32]} 27. Ne2 a4 28. Rb1 {Now c4! and White clings on.} a3 29. Nd4 a2 {Precision: White = 45%, Black = 93%.} 0-1

[Event "20th Dubai Open 2018"]
[Site "Dubai"]
[Date "2018.04.04"]
[Round "3"]
[White "Kryvoruchko, Yuriy"]
[Black "Pantsulaia, Levan"]
[Result "1-0"]
[WhiteElo "2703"]
[BlackElo "2592"]
[Annotator "TA"]
[PlyCount "101"]
[EventDate "2018.??.??"]
[EventType "swiss"]
[EventCountry "UAE"]
[SourceTitle "playchess.com"]
[Source "ChessBase"]
[SourceQuality "1"]

{[%evp 22,101,14,1,4,0,0,0,19,0,0,0,0,0,0,0,0,0,0,0,22,12,8,0,0,0,0,0,0,0,8,0,0,0,7,8,10,8,27,0,0,0,0,0,0,0,26,8,15,10,38,8,52,52,54,51,117,125,158,164,163,170,241,211,247,246,233,240,442,423,491,439,408,381,458,434,900,883,866,830,4116,1749]} 1. e4 c6 {[%cal Bc7c6,Bc6c5][%mdl 32]} 2. d4 d5 3. e5 Bf5 4. Nf3 e6 5. Be2 c5 6. Be3 Qb6 7. Nc3 Nc6 8. O-O {B12: Caro-Kann: Advance Variation} Qxb2 9. Qe1 cxd4 10. Bxd4 Nxd4 11. Nxd4 {[%cal Bf3d4,Bd4b5,Bb5d6][%mdl 32]} Bb4 12. Ndb5 {LiveBook: 20 Games. Rb1 is the strong threat.} Ba5 $1 13. Rb1 Qxc2 14. Rc1 Qb2 15. Na4 Bxe1 16. Nxb2 {[#] aiming for Nc7+.} Ba5 $146 {[%cal Be1a5,Ba5b6,Bb6d4][%mdl 32]} 17. Nd6+ Ke7 {Black wants to play ...Nh6.} 18. Nxb7 Bb6 19. Na4 Bd4 20. g4 Bxg4 21. Bxg4 {And now Rc7+ would win.} Bxe5 22. f4 Bd4+ 23. Kg2 Nh6 24. Bh3 Rhc8 25. Kf3 g6 26. Rfd1 {Black must now prevent Rxc8.} Bb6 27. Nbc5 Bxc5 28. Nxc5 Rab8 29. Nd3 a5 30. Rxc8 (30. Rh1 {keeps more tension.} a4 31. Rhd1 Rc4 32. Rxc4 dxc4 33. Ne5) 30... Rxc8 31. Rc1 Rxc1 32. Nxc1 Kd6 $1 33. Ke3 Kc5 34. Nd3+ Kc4 35. Kd2 Kd4 36. a4 f5 37. Ne5 Ke4 38. Nc6 Kxf4 (38... Nf7 $1 $14) 39. Nxa5 $16 Nf7 40. Nc6 Ne5 41. Nd8 $1 {[%cal Rd8e6]} Nc4+ (41... Nd7 $142) 42. Kc3 $1 $18 e5 43. Bf1 Nd6 {[#]} 44. a5 $1 Ke3 $2 {[#]} (44... d4+ 45. Kd3 Nb5) 45. Nf7 $1 {[%cal Rf7d6][%mdl 512]} d4+ ({Don't play} 45... Nxf7 46. a6 $18) 46. Kc2 Nc8 {With the idea ...e4.} ({Much worse is} 46... Nxf7 47. a6 $18) 47. Nxe5 g5 48. Bd3 {White is clearly winning.} Kf4 (48... f4 $142 49. Bxh7 Na7) 49. Nc6 h5 50. Nxd4 Ne7 51. a6 {Precision: White = 66%, Black = 44%.} 1-0

[Event "20th Dubai Open 2018"]
[Site "Dubai"]
[Date "2018.04.04"]
[Round "3"]
[White "Amin, Bassem"]
[Black "Blagojevic, Tijana"]
[Result "1/2-1/2"]
[WhiteElo "2700"]
[BlackElo "2254"]
[Annotator "TA"]
[PlyCount "59"]
[EventDate "2018.??.??"]
[EventType "swiss"]
[EventCountry "UAE"]
[SourceTitle "playchess.com"]
[Source "ChessBase"]
[SourceQuality "1"]

{[%evp 9,59,0,0,-6,0,0,0,0,0,0,0,0,0,-9,28,-45,0,-59,0,-18,-24,-43,-48,-49,-27,-52,-43,-56,8,-47,-14,-16,8,24,20,-16,0,-76,-41,-71,106,20,30,20,23,-189,-196,-202,-198,-182,-185,-158]} 1. Nf3 d5 2. d3 Bg4 (2... Nf6 3. Nbd2 c5 4. e4 Nc6 5. g3 e5 6. Bg2 Be7 7. O-O O-O 8. exd5 Nxd5 9. Re1 f6 10. c3 Kh8 11. Nh4 Be6 12. f4 Bf7 13. f5 g5 14. fxg6 hxg6 15. Nc4 Kg7 16. Be4 f5 17. Nxf5+ gxf5 18. Bxf5 {0-1 (30) Grischuk,A (2772)-Karjakin,S (2760) Riadh 2017}) 3. Nbd2 e6 4. h3 Bh5 5. g4 Bg6 6. Ne5 {A06: Réti Opening:1 Nf3 d5} Nd7 7. Nxg6 hxg6 8. Bg2 {The position is equal.} Bd6 9. c4 $146 ({Find the theoretical novelty and annotate with similar games:} 9. e4 Ne7 10. Qe2 {0-1 (51) Jugaru,L (1998)-Bonte,A (2310) Arad 2012}) 9... c6 10. d4 Ngf6 11. e3 Qe7 12. Qb3 (12. f4 $11) 12... Rb8 13. Qc2 (13. g5 $1 $11 Nh5 14. h4) 13... g5 (13... e5 $1 $15) 14. a3 Nf8 15. b4 Ng6 16. Bb2 O-O 17. Bf1 e5 18. Nf3 Ne4 (18... e4 $15 19. Nd2 (19. Nxg5 Nh4 $17) 19... Rfc8) 19. Be2 (19. Bg2 $11) 19... Rbd8 20. Rd1 Qf6 {aiming for ...Nh4.} 21. O-O Nh4 22. Nxe5 Qh6 23. cxd5 (23. b5 $11 {remains equal.}) 23... cxd5 $17 24. Kh2 f6 $2 (24... Bb8 $1 $17 {stays on course.}) 25. f3 $1 $16 {[%cal Rf3e4]} fxe5 26. dxe5 Qe6 (26... Rc8 $6 27. Qb3 $16) 27. Rxd5 $2 {[#]} ({Avoid the trap} 27. fxe4 $2 Bxe5+ 28. Kh1 (28. Bxe5 $2 Qxe5+ 29. Kh1 Qg3 $19) 28... Bxb2 $19) (27. exd6 $11 {and White stays safe.} Qxd6+ 28. f4 $1 {[%mdl 512]}) 27... Nxf3+ $1 $19 {[%mdl 512] Black is clearly better.} 28. Rxf3 (28. Bxf3 Rxf3) 28... Rxf3 29. Bxf3 Qxd5 30. Qxe4 {Precision: White = 37%, Black = 34%.} ({Don't play} 30. exd6 Qxd6+ 31. Kh1 Qd2 $17) 1/2-1/2

[Event "20th Dubai Open 2018"]
[Site "Dubai"]
[Date "2018.04.04"]
[Round "3"]
[White "Jones, Gawain C B"]
[Black "Tahbaz, Arash"]
[Result "1-0"]
[WhiteElo "2675"]
[BlackElo "2434"]
[Annotator "TA"]
[PlyCount "99"]
[EventDate "2018.??.??"]
[EventType "swiss"]
[EventCountry "UAE"]
[SourceTitle "playchess.com"]
[Source "ChessBase"]
[SourceQuality "1"]

{[%evp 23,99,37,38,27,55,0,22,20,24,30,22,18,18,12,16,16,14,12,20,25,15,0,64,25,56,25,25,25,25,21,25,16,61,73,264,269,235,140,140,140,116,67,71,42,58,66,115,113,114,99,131,113,150,97,106,90,260,273,311,309,317,187,195,193,197,196,327,316,323,326,326,327,574,565,866,699,943,881]} 1. e4 {[%cal Be2e4,Be4e5][%mdl 32]} Nf6 2. e5 Nd5 3. d4 d6 4. c4 Nb6 5. f4 dxe5 6. fxe5 Nc6 7. Be3 Bf5 8. Nc3 e6 9. Nf3 Be7 10. Be2 O-O 11. O-O f6 12. exf6 Bxf6 {LiveBook: 60 Games} 13. b3 {B03: Alekhine's Defence: Four Pawns Attack} (13. Qd2 Qe8 14. Rad1 Rd8 15. Qe1 Rd7 16. Qg3 Qg6 17. Qxg6 Bxg6 18. Rd2 Rfd8 19. Rfd1 h6 20. h3 Na5 21. b3 Nc6 {½-½ (53) Dominguez Perez,L (2734)-Vitiugov,N (2691) St Petersburg 2012}) 13... Qe7 14. Qe1 $146 (14. Bd3 $14) ({Find the theoretical novelty and annotate with similar games:} 14. Bd3 Rad8 15. Bxf5 exf5 16. Qd2 f4 17. Bf2 g5 18. Rae1 Qg7 19. Ne4 Be7 20. d5 Bb4 {1-0 (40) Gomez Galan Arense,J (2277)-Matrisch,G (2370) ICCF email 2015}) 14... e5 15. Nxe5 {The position is equal.} Nxd4 16. Bxd4 Bxe5 17. Bxe5 Qxe5 18. Bf3 Qd4+ 19. Kh1 {And now Nb5 would win.} c6 20. Rd1 Qc5 21. Ne4 Bxe4 $1 22. Bxe4 Qg5 (22... Rae8 $11) 23. Qb4 Rxf1+ 24. Rxf1 Re8 25. Bf3 Qe7 26. Qa5 Nc8 27. Rd1 Qe3 {Strongly threatening ...b6.} 28. h3 Ne7 $2 (28... Rf8 $16 {might work better.}) 29. Re1 $18 Qf2 {Black hopes to continue with ...Rf8.} 30. Qe5 (30. Qc3 $18 Qc5 31. Qd2) 30... Rf8 $16 31. Qe6+ $1 ({Much weaker is} 31. Qxe7 $6 Rxf3 32. Qe6+ (32. gxf3 Qxf3+ 33. Kg1 Qg3+ 34. Kh1 Qxh3+ 35. Kg1 Qg3+ 36. Kh1 Qh3+ 37. Kg1 Qg3+ 38. Kh1 Qh3+ $11) 32... Rf7 $11) 31... Kh8 32. Re2 Qf1+ 33. Kh2 Ng6 34. Qe3 {Black must now prevent Re1.} Qa1 35. Qxa7 Ne5 36. Be4 Qd1 37. Rf2 {[%cal Rf2f8]} Re8 38. Qe3 (38. Qxb7 $142 {aiming for Qe7!} Qd6 39. g3) 38... Qd6 {( -> ...Nf3+)} 39. Qg3 $40 {[%mdl 128] White has strong attack.} b5 $2 {[#]} (39... Kg8 $16) 40. Bxc6 $1 $18 Qxc6 {[#]} 41. Qxe5 $1 {[%mdl 512]} bxc4 {[#]} (41... Rxe5 42. Rf8#) 42. bxc4 {[%mdl 4096] Endgame KQR-KQR} (42. Rf7 $142 $1 {[%csl Gf7][%cal Re5g7][%mdl 512]} Rg8 43. Rc7) 42... h6 43. Qd5 Qc7+ 44. g3 Qa7 (44... Rd8 $142 45. Qe4 Qc5) 45. c5 {[%cal Bc4c5,Bc5c6,Bc6c7][%mdl 32]} Rc8 46. Rc2 Qa5 47. Qc4 Qe1 $2 (47... Rc6 {is a better defense.} 48. a4 Qa8) 48. c6 {White is clearly winning.} Rf8 49. Qe2 Qa5 50. c7 {Precision: White = 70%, Black = 39%.} 1-0

[Event "20th Dubai Open 2018"]
[Site "Dubai"]
[Date "2018.04.04"]
[Round "3"]
[White "Akopian, Vladimir"]
[Black "Harsha, Bharathakoti"]
[Result "1/2-1/2"]
[WhiteElo "2667"]
[BlackElo "2424"]
[Annotator "TA"]
[PlyCount "74"]
[EventDate "2018.??.??"]
[EventType "swiss"]
[EventCountry "UAE"]
[SourceTitle "playchess.com"]
[Source "ChessBase"]
[SourceQuality "1"]

{[%evp 14,74,20,16,19,28,62,12,20,0,54,7,16,-11,-11,-60,-16,-45,-48,-79,-38,-91,-68,-81,-86,-71,-69,-97,-83,-112,-114,-113,-113,-113,-106,-116,-114,-142,-139,-150,-119,-122,-122,-131,-127,-131,-131,-125,-130,-129,-102,-162,-138,-186,-82,-72,-70,-77,-77,-85,-78,-104,-63]} 1. e4 e5 2. Nf3 Nc6 3. Bc4 Bc5 4. c3 Nf6 5. d3 d6 6. Bg5 {[%cal Bc1g5,Bg5h4,Bh4g3][%mdl 32]} h6 7. Bh4 g5 8. Bg3 $1 {LiveBook: 13 Games} Bb6 {C54: Giuoco Piano: 4 c3 Nf6, main lines with 5 d4 and 5 d3} (8... O-O 9. Nbd2 a6 10. a4 Ba7 11. O-O Nh7 12. h3 Kh8 13. d4 g4 14. hxg4 Bxg4 15. Be2 Rg8 16. Kh1 {0-1 (34) Salem,A (2656)-Ding,L (2760) Sharjah 2017}) 9. Nbd2 Qe7 10. Bb3 Nh5 $146 {The position is equal.} ({Predecessor:} 10... Bd7 11. Nc4 Bc5 12. Ba4 a5 13. Qb3 Nd8 14. Bxd7+ Qxd7 {0-1 (50) Kozaczynska,A (1541)-Borawski,J (1921) Bialystok 2012}) 11. Nc4 Nf4 (11... Be6 $11) 12. Bxf4 gxf4 13. Qd2 f5 14. g3 Qh7 15. exf5 Bxf5 16. gxf4 Rf8 17. Rg1 (17. Nxb6 $15 axb6 18. Rg1) 17... Bxd3 $17 18. Nxb6 axb6 19. O-O-O Be4 $36 {[%mdl 2048] Black is pushing.} 20. Nh4 {[#]} O-O-O $1 ({Much weaker is} 20... Rxf4 $6 21. Rg8+ Rf8 22. Rxf8+ Kxf8 23. f3 $11) 21. Be6+ Kb8 {...Qe7 is the strong threat.} 22. f5 Ne7 {[%cal Re7f5]} 23. f4 Nxf5 24. Bxf5 Bxf5 25. fxe5 Be4 ({Much less strong is} 25... dxe5 26. Qxd8+ Rxd8 27. Rxd8+ Ka7 28. Nxf5 $15) 26. Ng2 Rfe8 27. exd6 Rxd6 28. Qf2 Rxd1+ 29. Rxd1 Qg8 30. Ne3 Qxa2 31. Nc2 Rg8 32. Rd4 (32. Rg1 $17 {was called for.}) 32... Bh7 33. Rf4 {[#]} Re8 (33... Ka7 $1 $19 {Threatens to win with ...h5.} 34. h4 c5) 34. Rf8 Qe6 35. Nd4 Qe4 {White must now prevent ...Qb1+.Black is better.} 36. Rxe8+ Qxe8 37. Kd2 h5 {Precision: White = 35%, Black = 56%.} 1/2-1/2

[Event "20th Dubai Open 2018"]
[Site "Dubai"]
[Date "2018.04.04"]
[Round "3"]
[White "Safarli, Eltaj"]
[Black "Karthik, Kumar Pradeep"]
[Result "1-0"]
[WhiteElo "2653"]
[BlackElo "2191"]
[Annotator "TA"]
[PlyCount "85"]
[EventDate "2018.??.??"]
[EventType "swiss"]
[EventCountry "UAE"]
[SourceTitle "playchess.com"]
[Source "ChessBase"]
[SourceQuality "1"]

{[%evp 22,85,26,23,53,48,73,60,74,22,53,31,35,40,120,110,115,105,126,77,162,145,144,147,189,187,166,150,210,217,200,191,225,231,230,206,224,235,287,263,273,173,223,218,227,215,213,206,173,125,358,348,354,347,634,619,754,746,717,387,29992,29993,29997,29998,29998,29999]} 1. e4 c5 2. Nf3 e6 3. d4 cxd4 4. Nxd4 Nc6 5. Nc3 Qc7 6. g3 a6 7. Bg2 Nf6 8. O-O Be7 9. Re1 O-O 10. Nxc6 dxc6 11. e5 Nd5 {B47: Sicilian: Taimanov: 5 Nc3 Qc7 6 f4, 6 g3 and 6 Be2} (11... Rd8 12. Qf3 Nd5 13. h4 Nxc3 14. Qxc3 Bd7 15. Bg5 Bxg5 16. hxg5 c5 17. Re4 Rac8 18. Rh4 Bc6 19. Rc1 Qd7 20. Kh2 Qd2 21. Qxd2 Rxd2 22. Bxc6 Rxc6 {1-0 (42) Saric,I (2650)-Vocaturo,D (2574) Gjakova 2016}) 12. Qg4 {LiveBook: 6 Games. aiming for Bh6.} Rd8 13. Bh6 {[%csl Gh6][%cal Rg4g7] [#]} Bf8 {White is slightly better.} 14. Bg5 Be7 15. h4 $146 ({White should try} 15. Bxe7 $16 Nxe7 16. Rad1) ({Predecessor:} 15. Rad1 Nxc3 16. bxc3 c5 17. Bf6 g6 18. Qh4 Bxf6 19. exf6 Kh8 20. Rxd8+ Qxd8 21. Qh6 Qg8 22. Rd1 {1-0 (22) Kiss,F (2100)-Toth,S Paks 1994}) 15... b5 16. Bh6 $40 {[%csl Gh6][%cal Rg4g7][%mdl 128] Black needs to defend precisely.} Bf8 17. h5 {[%cal Bh4h5,Bh5h6][%mdl 32]} Kh8 (17... Nxc3 $14 18. bxc3 Kh8) 18. Bg5 $16 Be7 19. h6 Rg8 20. Qh4 Qd8 (20... Bxg5 $16 21. Qxg5 gxh6 22. Qxh6 Bb7) 21. Bxe7 Qxe7 22. hxg7+ Rxg7 {White must now prevent ...Qxh4.} 23. Qxe7 Nxe7 24. a4 {Strongly threatening axb5.} b4 (24... Rb8 $16 25. axb5 cxb5) 25. Ne4 $18 a5 26. Rad1 Nd5 27. c4 bxc3 28. bxc3 {[%cal Bb2c3,Bc3c4][%mdl 32]} Ba6 29. Rd4 Rgg8 30. c4 Nb4 {intending ...Nc2.} 31. Rd7 Rad8 32. Red1 (32. Rxf7 $6 Nd3 $16) 32... Rxd7 33. Rxd7 Bxc4 {[#]} 34. Nd6 $1 {[%cal Rd6f7]} ({Resist} 34. Rxf7 $6 Rg7 $16) 34... Bd5 35. Bxd5 ({Don't take} 35. Rxf7 $6 Nd3 $14) 35... exd5 $2 (35... cxd5 $16 36. Nxf7+ Kg7) 36. Nxf7+ {[%mdl 4096] Endgame KRN-KRN} ({Weaker is} 36. Rxf7 Rg6 $16) 36... Kg7 37. f4 {[%cal Bf2f4,Bf4f5][%mdl 32]} Kf8 $2 (37... Nd3 38. Nd6+ Kg6) 38. e6 {And now Nd6 would win.} Rxg3+ 39. Kh2 Re3 40. f5 {White threatens Nd6 and mate.} Nc2 $2 (40... d4 $18 41. Ng5 Re2+ 42. Kg3 Re3+ 43. Kh4 Nd5 44. Nxh7+ Ke8) 41. Ng5 {White mates.} Nd4 42. Nxh7+ Ke8 43. Nf6+ {Precision: White = 69%, Black = 29%.} 1-0